M. A. Usmanov et al., (Hrsg.) Vozzvanija i perepiska vožakov Pugačevskogo dviženija v Povolž'e i Priural'e. Izdat. Kazanskogo universiteta, 1988 Buchbesprechung /

Elmentve itt :
Bibliográfiai részletek
Szerző: Ivanics Mária
További közreműködők: Usmanov Mirkasym Abdulahatovič
Dokumentumtípus: Cikk
Megjelent: 1990
Sorozat:Acta Orientalia Academiae Scientiarum Hungaricae
Tárgyszavak:
Online Access:http://misc.bibl.u-szeged.hu/68158
LEADER 00871nab a2200217 i 4500
001 misc68158
005 20230216120747.0
008 220426s1990 hu o 0|| ger d
040 |a SZTE Miscellanea Repozitórium  |b hun 
041 |a ger 
100 1 |a Ivanics Mária 
245 1 0 |a M. A. Usmanov et al., (Hrsg.) Vozzvanija i perepiska vožakov Pugačevskogo dviženija v Povolž'e i Priural'e. Izdat. Kazanskogo universiteta, 1988   |h [elektronikus dokumentum] :  |b Buchbesprechung /  |c  Ivanics Mária 
260 |c 1990 
300 |a 418-420  |c 24 cm 
490 0 |a Acta Orientalia Academiae Scientiarum Hungaricae 
561 |a Németh Gyula hagyaték 
591 |a OA 2436 
650 4 |a Bölcsészettudományok 
650 4 |a Nyelvek és irodalom 
700 0 1 |a Usmanov Mirkasym Abdulahatovič 
856 4 0 |u http://misc.bibl.u-szeged.hu/68158/1/2436_oa_i92_01.pdf  |z Dokumentum-elérés